Streamers FR 2025 - Statistiques

Statistiques générales
  • Ce quiz a été pris 90 fois
  • Le résultat moyen est 8 sur 20
Statistiques - réponses
Rang Heures vues Plateforme Réponse % Correct
5 20,5M Twitch Squeezie
89%
2 25,3M Twitch Anyme
71%
7 15,6M Twitch Gotaga
71%
10 12,2M Twitch Domingo
60%
1 38,9M Twitch Kameto
60%
8 14M Twitch Zerator
53%
17 6,4M Twitch Inoxtag
51%
6 20,3M Twitch Aminematue
49%
11 12,1M Twitch Antoine Daniel
45%
19 6,3M Twitch Joueur Du Grenier
35%
13 9,6M Twitch Etoiles
33%
14 9,3M Twitch Locklear
32%
4 22,3M Twitch Byilhan
28%
3 23M Twitch JLTomy
27%
12 10,8M Twitch MisterMV
25%
18 6,4M Twitch Nasdas
25%
20 6,1M Twitch Sardoche
19%
15 7,2M Twitch Nikof
4%
16 6,9M Twitch Chowh1
3%
9 12,9M Twitch Trayton
0%
Aucun quiz correspondant
Distribution des résultats
% des personnes avec chaque résultat
Percentile par nombre de réponses
Votre historique - résultats
Vous n’avez pas pris ce quiz